Guess New Jeans MV From Screenshots - Statistics

General Stats
  • This quiz has been taken 86 times
  • The average score is 8 of 12
Answer Stats
Picture Answer % Correct
OMG
87%
Bubble Gum
80%
Ditto
80%
New Jeans
75%
ETA
70%
Supernatural
67%
Right Now
59%
Hype Boy
57%
Attention
55%
Hurt
55%
ASAP
51%
How Sweet
38%
No matching quizzes found
Score Distribution
Percent of People with Each Score
Percentile by Number Answered
Your Score History
You have not taken this quiz